Responses for Show #2862 - Tuesday, January 28, 1997

Contestants

[<< previous game]

Amy Loerch Strumolo, a freelance editor and writer from Beverly Hills, Michigan

Fred Walker, a real estate broker from Oak Park, Illinois

Bob Combs, an investigator from Athens, Ohio (whose 1-day cash winnings total $10,700)

[next game >>]

Jeopardy! Round responses

BIBLICAL PEOPLE
SPORTS STARS
FASHION
ANATOMY
HOMES
ANAGRAMS
(we'll test your word power)
    $100 19
Thomas

Bob
    $100 1
Shaquille O'Neal

Bob
    $100 26
Bathing suit

Amy
    $100 6
Nose

Bob
    $100 14
Mount Vernon

Bob
    $100 7
Sails (for Silas)

Bob
    $200 21
Joshua

Amy
    $200 2
Michelle Kwan

Bob
    $200 27
Eyelashes

Amy
    $200 12
(B: What is the patella?)
(A: What is the knee?)
(F: What is the elbow?)

Ankle

BobFredAmy
Triple Stumper
    $200 15
Charles Lindbergh

Fred
    $200 8
TaB (for bat)

Bob
    $300 22
Shem

Amy
    $300 3
Andre Agassi

Bob
    $300 28
Bermuda

Bob
    $300 13
Sutures

Triple Stumper
    $300 16
William Randolph Hearst

Bob
    $300 9
Loaf (for Olaf)

Amy
    $400 23
Pontius Pilate

Amy
    $400 4
Albert Belle

Fred
    $400 29
Paloma Picasso

Amy
    $400 20
Teeth

Amy
    $400 17
Hull House

Fred
    $400 10
Ladle (for Della)

Amy
    $500 24
Peter

Amy
    $500 5
Richard Petty

Fred
    $500 30
Fruit of the Loom

Fred
    $500 25
Adrenal Glands

Amy
    $500 18
The Breakers

Fred
    $500 11
Den (for end)

Bob

Scores at the first commercial break (after clue 15):

Bob Fred Amy
$1,400 $900 $500

Scores at the end of the Jeopardy! Round:

Bob Fred Amy
$2,100 $2,300 $3,500

Double Jeopardy! Round responses

HISTORIC DOCUMENTS
OPERA
ISLANDS
COLLEGES & UNIVERSITIES
1989 BOOKS
HE WAS IN THAT?
    $200 2
Magna Carta

Amy
    $200 15
Georges Bizet

Fred
    $200 1
Greenland

Amy
    $200 22
U.S. Naval Academy

Bob
    $200 17
Your Income Tax Return

Bob
    $200 9
"The Way We Were"

Bob
    $400 3
Alaska

Fred
    $400 27
(A: What is the land?)

The Earth

Amy
Triple Stumper
    $400 4
Mackinac Island

Amy
    $400 23
University of Alabama

Fred
    $400 18
Garrison Keillor

Bob
    $400 10
Jack Webb

Fred
    $600 6
G.I. Bill

Fred
    $600 28
George Frideric Handel

Fred
    $500 5
Staten Island

Amy
    $600 24
Georgetown

Bob
    $600 19
Mike Hammer

Bob
    $600 11
"The St. Valentine's Day Massacre"

Fred
    $800 12
Canada

Fred
    $800 29
Maria Theresa

Triple Stumper
    $800 7
Majorca

Amy
    $800 25
Caltech

Fred
    $800 20
Danielle Steel

Bob
    $800 14
(B: What is "The Maltese Falcon?")

"The Treasure of the Sierra Madre"

BobAmy
    $1000 13
Nuremberg

Fred
    $1000 30
Giacomo Puccini

Amy
    $1000 8
Hokkaido

Bob
    $2,500 26
(F: What is Union College?)

Vassar College

Fred
    $1000 21
"Billy Bathgate"

Bob
    $1000 16
(A: What is "Cape Fear?")

"The Night of the Hunter"

BobAmy

Scores at the end of the Double Jeopardy! Round:

Bob Fred Amy
$7,300 $5,600 $6,000

[wagering suggestions for these scores]

Final Jeopardy! Round responses

NATIONAL PARKS
FredWhat is the Everglades?
$2,200
AmyWhat is Pearl Harbor
$5,500
BobWhat is Everglades
$4,701
Everglades National Park

Final scores:

Bob Fred Amy
$12,001 $7,800 $500
2-day champion: $22,701 2nd place: Trip to the Canary Islands 3rd place: Pinseeker Golf Clubs

Game dynamics:

Coryat scores:

Bob Fred Amy
$7,300 $8,100 $6,100
21 R,
2 W
16 R,
2 W
(including 1 DD)
18 R
(including 2 DDs),
3 W

Combined Coryat: $21,500

[game clues] [game scores] [suggest correction]

Game tape date: 1996-11-13
The J! Archive is created by fans, for fans. Scraping, republication, monetization, and malicious use prohibited; this site may use cookies and collect identifying information. See terms. The Jeopardy! game show and all elements thereof, including but not limited to copyright and trademark thereto, are the property of Jeopardy Productions, Inc. and are protected under law. This website is not affiliated with, sponsored by, or operated by Jeopardy Productions, Inc. Join the discussion at JBoard.tv.